000 00509nam a2200181 4500
003 LK-CoDNM
005 20231221103142.0
008 231221b |||||||| |||| 00| 0 eng d
020 _a9786245768233
040 _aLK-CoDNM
_dLK-CoDNM
_eLK-CoDNM
041 _asin
080 _aX8C31
_bදිසානා
100 _aදිසානායක,තරංගා
245 _aදෙව් දුන් දෙවගන
260 _aRagama
_bThara Publication
_c2022
300 _a352p.,21cm
942 _n0
_cBK
999 _c144212
_d144212